| 000 | 01085nam0a2200301 4500 | ||
|---|---|---|---|
| 001 | RU\NLR\bibl\977842 | ||
| 005 | 20260405081631.0 | ||
| 010 |
_a5-93094-190-4 _95000 |
||
| 021 |
_aRU _b2006-38271 _91924 |
||
| 035 | _a(NLR Aleph) 000965762 | ||
| 090 |
_a367955 _c367955 |
||
| 100 | _a20060824d2006 |||y0rusy50 ca | ||
| 101 | 0 | _arus | |
| 102 | _aRU | ||
| 105 | _ay ||||||||| | ||
| 200 | 1 |
_aНаличные расчеты _fС.Н. Николаев |
|
| 210 |
_aМосква _cНалоговый вестник _d2006 |
||
| 215 |
_a255 с. _d20 |
||
| 225 | 1 |
_aПриложение к журналу "Налоговый вестник" _vN 6 |
|
| 606 | 1 |
_aКредитно-расчетные операции _yРоссийская Федерация _92203310 _3RU\NLR\auth\661323898 |
|
| 686 | _aУ26(2)26 | ||
| 686 | _aХ623.212.3 | ||
| 700 | 1 |
_4070 _8rus _7ca _aНиколаев _bС.Н. _cюрист _gСергей Николаевич _3RU\NLR\auth\7728500 _911531 |
|
| 801 | 0 |
_aRU _bNLR _c20060824 _grcr |
|
| 801 | 1 |
_aRU _bNLR _c20060824 |
|
| 942 | _cBOOK | ||
| 980 | _aNB | ||